| 000 | 00518nam a2200193Ia 4500 | ||
|---|---|---|---|
| 005 | 20260429112152.0 | ||
| 008 | 260429s9999||||xx |||||||||||||| ||und|| | ||
| 020 | _a9781639898879 | ||
| 041 | _aEnglish | ||
| 082 |
_a006.4 _bMIC |
||
| 100 | _aMichael, Erin | ||
| 245 | 0 |
_aAdvances in pattern recognition / _cErin Michael |
|
| 250 | _a1st ed. | ||
| 260 |
_aNew Jersey : _bStates Academic Press, _c2025. |
||
| 300 | _avii, 243 p.; hb | ||
| 650 | _a Neural networks | ||
| 650 | _aPattern recognition | ||
| 942 | _cTB | ||
| 999 |
_c52700 _d52700 |
||